000 00408nam a2200157Ia 4500
003 OSt
005 20230529163115.0
008 211028s2015 xx 000 0 und d
040 _cAIMIT LIBRARY
041 _aeng
100 _aHiremath, Sharanayya; Prabhu, S Aravind.
_98616
_e131931
110 _aS Aravind Prabhu
_98617
245 _aOnline job profile.
260 _aMangalore
_c2015
942 _2ddc
_cPRO
999 _c219977
_d219977